| 000 | 00546cam a2200205ua 4500 | ||
|---|---|---|---|
| 001 | 11274 | ||
| 008 | 190905n ii |||gr||||Z||||||eng | ||
| 020 | _a9789352718580 | ||
| 040 | _cMAIN | ||
| 041 | _aeng | ||
| 082 | _a657 | ||
| 100 |
_aS N Maheshwari, _eAuthor., |
||
| 245 |
_aCorporate accounting _cBy S N Maheshwari and others |
||
| 250 | _a6th ed. | ||
| 260 |
_aNew Delhi: _bVikas publishing house, _c2018. |
||
| 653 | _aAccounting | ||
| 700 |
_aSuneel K Maheshwari, _eAuthor. |
||
| 700 |
_aSharada K Maheshwari, _eAuthor. |
||
| 942 | _cBK | ||
| 999 |
_c10132 _d10132 |
||